| 000 | 00738cam a22002414a 4500 | ||
|---|---|---|---|
| 001 | 4505768 | ||
| 005 | 20180307040734.0 | ||
| 008 | 980227s1999 pau 000 0 eng | ||
| 010 | _a 98013993 | ||
| 020 | _a072164452X | ||
| 040 |
_aDLC _cDLC _dDLC |
||
| 041 | _aeng | ||
| 042 | _apcc | ||
| 080 | _a612.39 mar | ||
| 082 | 0 | 0 |
_a612.39 mar _221 |
| 100 | _a9 | ||
| 101 | _anut | ||
| 245 | 0 | 0 |
_aBiochemical and physiological aspects of human nutrition / _c[edited by] Martha H. Stipanuk. |
| 906 |
_a7 _bcbc _corignew _d1 _eocip _f19 _gy-gencatlg |
||
| 942 |
_2ddc _cBK |
||
| 999 |
_c44268 _d44268 |
||